1982 : los documentos secretos de la guerra de Malvinas/Falklands y el derrumbe del Proceso /
Guardado en:
| Autor Principal: | |
|---|---|
| Formato: | Libro |
| Publicado: |
Buenos Aires :
Sudamericana,
2011.
|
| Materias: | |
| Etiquetas: |
Agregar Etiqueta
Sin Etiquetas, Sea el primero en etiquetar este registro!
|
| LEADER | 00726nam a22002055a 4500 | ||
|---|---|---|---|
| 001 | EHU.bham052875 | ||
| 008 | 260420s2011##################000#0#####d | ||
| 005 | 20260420081815.0 | ||
| 245 | 1 | 0 | |a 1982 : |b los documentos secretos de la guerra de Malvinas/Falklands y el derrumbe del Proceso / |c Juan B. Yofre. |
| 260 | |a Buenos Aires : |b Sudamericana, |c 2011. | ||
| 300 | |a 592 p. | ||
| 020 | |a 9789500736664 | ||
| 100 | 1 | |a Yofre, Juan B. | |
| 082 | 9 | 8 | |a 982.06 Y54 |
| 653 | |a Argentina-historia-Malvinas | ||
| 653 | |a Malvinas-historia de las islas | ||
| 653 | |a Argentina-Guerra de Malvinas | ||
| 653 | |a Crónica periodística | ||
| 653 | |a Dictadura argentina-1976-1983 | ||
| 859 | |a AR-BHAM |b BIB. HUMANIDADES - General |h 982.06 |i Y54 |p 132.26 |t Ej.1 | ||
